| 000 | 00423nam a2200157Ia 4500 | ||
|---|---|---|---|
| 008 | 210716s2009 xx 000 0 und d | ||
| 020 | _a9788131727027 | ||
| 041 | _aeng | ||
| 082 | _a004.602 ULLL | ||
| 100 | _aUllman, Larry. | ||
| 245 |
_aVisual quickstart guide php: for the web. _bPhp for the web. |
||
| 250 | _a3 | ||
| 260 |
_aNew Delhi _bPearson Education _c2009 |
||
| 300 | _axxiii,454 | ||
| 650 | _aPHP Programming | ||
| 999 |
_c189626 _d189626 |
||